000 01112nam a2200217Ia 4500
999 _c36611
_d36611
001 2531
003 GE_BSU
005 20230901121827.0
008 181216s1998||||ge |||||||||||||| ||geo||
040 _cGE_BSU
041 _ageo
080 _a811.111(038)+811.353.1(038) ი–54
245 _aინგლისურ-ქართული ლექსიკონი = English-Georgian dictionary. რვეული 8 :
_bH /
_c[მთ. რედ.: არიანე ჭანტურია, თინათინ მარგალიტაძე; შემდგ.: მ. კურტანიძე, ქ. თუხარელი, გ. რობაქიძე].
264 _aთბილისი,
_c1998.
300 _a159 გვ.;
_b28 სმ.
653 _aინგლისურ–ქართული ლექსიკონი
700 _aჭანტურია, არიანე
_eრედაქტორი
_95156
700 _aკურტანიძე, მ.,
_eშემდგენელი
_919745
710 _aთბილისის უნ-ტი.
_919746
942 _cBK
_2udc